Stati dell'Unione per il Mediterraneo - Statistics

Statistiche generali
  • Questo quiz è stato fatto 8 volte
  • Il punteggio medio è 31 su 43
Statistiche sulle risposte
Continente Nazione % Corretto
Europa Francia
100%
Europa Italia
100%
Europa Albania
83%
Europa Austria
83%
Europa Germania
83%
Europa Grecia
83%
Africa Marocco
83%
Europa Monaco
83%
Europa Slovenia
83%
Europa Spagna
83%
Africa Tunisia
83%
Africa Algeria
67%
Europa Belgio
67%
Europa Bosnia ed Erzegovina
67%
Europa Bulgaria
67%
Europa Cipro
67%
Europa Croazia
67%
Europa Danimarca
67%
Africa Egitto
67%
Europa Estonia
67%
Europa Finlandia
67%
Asia Giordania
67%
Europa Irlanda
67%
Asia Israele
67%
Asia Libano
67%
Europa Lituania
67%
Europa Lussemburgo
67%
Europa Macedonia del Nord
67%
Europa Malta
67%
Europa Montenegro
67%
Europa Paesi Bassi
67%
Asia Palestina
67%
Europa Polonia
67%
Europa Portogallo
67%
Europa Repubblica Ceca
67%
Europa Romania
67%
Asia Siria
67%
Europa Slovacchia
67%
Europa Svezia
67%
Asia / Europa Turchia
67%
Europa Ungheria
67%
Europa Lettonia
50%
Africa Mauritania
50%
Nessun quiz corrispondente trovato
Distribuzione punteggi
Percentuale di utenti per punteggio
Percentile per numero di risposta
I tuoi punteggi nel tempo
Non hai fatto questo quiz